Taylor Swift I Bet You Think About Me Lyrics - Statistics

General Stats
  • This quiz has been taken 236 times
  • The average score is 357 of 425
Answer Stats
Answer % Correct
a
100%
an
99%
and
99%
be
99%
bet
99%
I
99%
in
99%
me
99%
you
99%
about
98%
'bout
98%
shoes
97%
your
97%
think
96%
she
95%
the
95%
we
95%
when
95%
you're
95%
she's
94%
that
94%
oh
93%
than
93%
better
92%
my
92%
do
91%
just
91%
that's
91%
to
91%
it
90%
so
90%
go
89%
I'm
89%
mine
89%
no
88%
were
88%
we're
88%
friends
87%
up
87%
a.m.
85%
for
85%
it's
85%
say
85%
three
85%
was
85%
with
85%
fine
84%
love
84%
awake
83%
still
83%
tell
83%
yeah
83%
but
82%
insane
82%
of
82%
song
82%
girl
81%
now
81%
on
81%
they
81%
wrote
81%
bed
80%
had
80%
dollar
79%
god
79%
I'll
79%
who
79%
city
78%
million
78%
has
77%
know
77%
asleep
76%
at
76%
couch
76%
grew
76%
hard
76%
let
76%
believe
75%
over
75%
wasn't
75%
farm
74%
harder
74%
is
74%
mansion
74%
why
74%
done
73%
leave
73%
like
73%
all
72%
back
72%
fast
72%
forget
72%
have
72%
life
72%
table
72%
what
72%
book
71%
can't
71%
room
71%
too
71%
community
70%
house
70%
looking
70%
out
70%
pedigree
70%
raised
70%
sit
70%
don't
69%
gated
69%
kitchen
69%
organic
69%
silver
69%
you'll
69%
'em
68%
fall
68%
fell
68%
heard
68%
indie
68%
living
68%
meaning
68%
never
68%
said
68%
spoon
68%
talking
68%
dreams
67%
early
67%
get
67%
old
67%
Thinking
67%
around
66%
bills
66%
cause
66%
couldn't
66%
dancing
66%
happy
66%
help
66%
her
66%
Hills
66%
music
66%
realized
66%
Beverly
65%
eyes
65%
spring
65%
did
64%
different
64%
every
64%
jokes
64%
Mr.
64%
need
64%
snow
64%
Superior
64%
tried
64%
upper
64%
fit
62%
laughed
62%
not
62%
rolled
62%
saved
62%
time
62%
week
62%
bright
61%
concerts
61%
hadn't
61%
cool
60%
make
60%
mattered
60%
none
60%
scared
60%
shit
60%
searching
59%
circles
58%
reality
58%
soul
58%
world
58%
last
57%
shiny
57%
space
57%
does
56%
sad
56%
feel
54%
felt
54%
free
54%
hip
54%
well
54%
shrink
53%
yes
52%
loud
51%
turned
50%
crept
49%
voices
49%
chasing
48%
saying
47%
status
46%
block
44%
crust
44%
glamorous
44%
(huh)
40%
No matching quizzes found
Score Distribution
Percent of People with Each Score
Percentile by Number Answered
Your Score History
You have not taken this quiz